Complex analysis and its applications

Saved in:
Bibliographic Details
Other Authors: Yang, Chung-Chun 1942- (Editor)
Format: Book
Language:English
Published: Harlow : New York : Longman Scientific & Technical ; , John Wiley, 1994
Series:Pitman research notes in mathematics series ; ; 305
Subjects:
Tags: Add Tag
No Tags, Be the first to tag this record!

MARC

LEADER 00000nam a2200000 i 4500
001 1/77097
008 990402s1994 eng d
020 |a 0-582-23181-7 
035 |l 10049753 
040 |a GR-MY-UA  |b gre  |e aacr 
041 0 |a eng 
082 0 |a 515.9 
245 1 0 |a Complex analysis and its applications /  |c Chung-Chun Yang...[et.al.]. (editors) 
260 |a Harlow :   |a New York :   |b Longman Scientific & Technical ; ,   |b John Wiley,   |c 1994 
300 |a 359 p.  |b ill.  |c 25 cm. 
490 1 |a Pitman research notes in mathematics series  |v ; 305 
500 |a Includes bibliographical references 
500 |a Contributions to an international conference, held at Hong Kong University of Science and Technology, 15-17 January 1993 
650 0 0 |a Functions of complex variables. 
650 0 0 |a Mathematical analysis. 
700 1 |a Yang, Chung-Chun  |d 1942-  |4 edt 
830 0 |a Pitman research notes in mathematics series ;  |v ; 305 
852 |a INST  |b SAMOS  |e 19990402  |h 515.9 COM  |p 005300012967  |q 005300012967  |t BK  |y 0 
901 |a BIBL-1999-1 
909 |a Σ  |b 063904 
922 |a 3ΕΛΗ  |b 199901  |c ΚΠΣ  |d GLORY